Dear paradise /

Enregistré dans:
Détails bibliographiques
Auteur principal: Birch, Dorothy
Format: Livre
Langue:English
Publié: London : Hale, 1971.
LEADER 00800nam a2200229 i 4500
001 c000078079
003 CARM
005 00000000000000.0
008 710515s1971 enk 00011 eng d
015 |a B7111179 
019 1 |a 3552073  |5 LACONCORD2021 
020 |a 0709117868 :  |c L.0.90 
035 |a (OCoLC)16211440  |5 LACONCORD2021 
100 1 |a Birch, Dorothy. 
245 1 0 |a Dear paradise /  |c by Dorothy Birch. 
260 |a London :  |b Hale,  |c 1971. 
300 |a 5-188 p. ;  |c 19cm. 
500 |a Fiction in English, 1900-. Texts (BNB/PRECIS) 
852 8 |b CARM  |h A2:AG28G0  |i A01448  |p 0111815  |f BK 
082 0 4 |a 823/.9/1  |2 18 
999 f f |i fe59ddeb-41dc-5fc2-b3bb-a398b4647fa3  |s d6971a8b-62b7-51d8-909e-bc5e34f9e9d5 
952 f f |p Can circulate  |a CAVAL  |b CAVAL  |c CAVAL  |d CARM 1 Store  |e A01448  |f A2:AG28G0  |h Other scheme  |i book  |m 0111815